000 002910000a22000970004500
100 1 _aCole, Graham
245 1 0 _aDiscovering God's will : Paley's problem with special reference to the christian sabbath'
300 _aNum 39 (1988), Páginas 125-140
773 0 _tTyndale Bulletin
942 _cANA
999 _c56689
_d56689